000 00455nam a2200181Ia 4500
001 19602
005 20260306172705.0
008 260306t2017||||xx |||||||||||||| ||spa||
041 _aESP
082 _a340.7
_bE373 Nº 27
100 _aPrado Saldarriaga, Víctor
_eAUT
245 0 _aDerecho penal:
_bparte especial: los delitos
260 _c2017
300 _a226 páginas :
_c20 cm.
650 _aGEN
654 _aCDE
942 _cLIB
_dJUS
_fJUS
_2ddc
_n
999 _c19602
_d19602